000 00645nam a2200229 a 4500
001 58484
003 BD-RjUL
005 20211209080628.0
008 161218s1964 nyu 000 0 eng d
035 _a(BD-RjUL)58608
035 _a2298804
040 _aANL
_beng
_cANL
041 _aeng
082 0 4 _a332.4971
_223
_bOBC 1964
100 1 _aO'Brien, John W.
_9173690
245 1 0 _aCanadian money & banking /
_c[by] John W. O'Brien.
260 _aNew York :
_bMc-Graw-Hill,
_c1964
300 _a340 p. :
_bill. ;
_c25 cm.
650 0 _aBanks and banking
_zCanada.
_9173691
650 0 _aMonetary policy
_zCanada.
_9173692
942 _2ddc
_cBK
999 _c58484
_d58484